La actividad legislativa y los Derechos Humanos en Chile. Principales Informes del INDH al Congreso Nacional 2019 - 2020.
Uloženo v:
| Korporativní autor: | |
|---|---|
| Médium: | Kniha |
| Vydáno: |
Santiago, Chile:
Instituto Nacional de Derechos Humanos,
2020.
|
| Vydání: | Primera edición |
| Edice: | Instituto Nacional de Derechos Humanos ;
|
| Témata: | |
| On-line přístup: | Disponible Online - INDH |
| Tagy: |
Přidat tag
Žádné tagy, Buďte první, kdo vytvoří štítek k tomuto záznamu!
|
MARC
| LEADER | 00000cam a2200000 a 4500 | ||
|---|---|---|---|
| 001 | UCC7451 | ||
| 003 | CL-VaPUC | ||
| 005 | 20240925154340.0 | ||
| 008 | 240909t2020 ||||| |||| 00| 0 eng d | ||
| 999 | |c 444678 |d 444676 | ||
| 020 | |a 978-956-6014-28-7 | ||
| 040 | |c Pontificia Universidad Católica de Valparaíso | ||
| 082 | 0 | 4 | |a 323.4 INS 2020 |2 21 |
| 110 | 2 | |a Instituto Nacional de Derechos Humanos |e autor |9 602071 | |
| 245 | 1 | 3 | |a La actividad legislativa y los Derechos Humanos en Chile. |b Principales Informes del INDH al Congreso Nacional 2019 - 2020. |
| 250 | |a Primera edición | ||
| 260 | |a Santiago, Chile: |b Instituto Nacional de Derechos Humanos, |c 2020. | ||
| 300 | |a 148 páginas. | ||
| 490 | |a Instituto Nacional de Derechos Humanos ; |n 5 | ||
| 500 | |a c.1 Donación. Memo DER N° 35. 04-09-2024. | ||
| 583 | |a last modification |c 20190329 16:06:00 |k Catalogador Asistente | ||
| 650 | 0 | |a Derechos humanos |9 223025 |x Legislación y derecho | |
| 856 | |u https://bibliotecadigital.indh.cl/items/b6ad9b02-9465-4e96-bc69-f4443fffc171 |y Disponible Online - INDH | ||
| 942 | |c BK |2 ddc | ||
| 952 | |0 0 |1 0 |2 ddc |4 0 |6 323_400000000000000_INS_2020 |7 0 |8 A |9 596684 |a BIBDER |b BIBDER |d 2024-09-09 |e Donación |i 5662666 |o 323.4 INS 2020 |p 5662666 |r 2024-09-09 |t 1 |w 2024-09-09 |y BK |k DER | ||